[Event "Ambes op 3rd"]
[Site "Ambes"]
[Date "2010.04.25"]
[Round "2"]
[White "Teyssier, Jean Paul"]
[Black "Locatelli, Claude"]
[Result "0-1"]
[WhiteElo "1724"]
[BlackElo "1617"]
[PlyCount "80"]
[EventDate "2010.04.24"]
[EventType "swiss"]
[EventRounds "9"]
[EventCountry "FRA"]
[SourceTitle "EXT 2011"]
[Source "ChessBase"]
[SourceDate "2010.11.26"]
[SourceVersion "1"]
[SourceVersionDate "2010.11.26"]
[SourceQuality "1"]

1. e4 e6 2. d3 d5 3. Qe2 d4 4. e5 c5 5. g3 Ne7 6. f4 Nbc6 7. Bg2 Qc7 8. Nd2 Nf5 9. Ne4 Be7 10. Nh3 b6 11. Nhg5 Nh6 12. Qh5 Bf8 13. 0-0 Rb8 14. Nd6+ Bxd6 15. exd6 Qxd6 16. f5 0-0 17. f6 e5 18. fxg7 Kxg7 19. Ne4 Qg6 20. Qxg6+ hxg6 21. Nd6 Ne7 22. Bxh6+ Kxh6 23. Nxf7+ Kg7 24. Nxe5 Be6 25. Rae1 Rxf1+ 26. Rxf1 Rf8 27. Re1 Re8 28. Nc4 Bxc4 29. dxc4 Kf7 30. Kf2 Nf5 31. Be4 Kg7 32. Bxf5 Rxe1 33. Kxe1 gxf5 34. Kf2 Kf6 35. Kf3 a6 36. Kf4 b5 37. cxb5 axb5 38. b3 c4 39. bxc4 bxc4 40. a4 c3 0-1

[Event "Ambes op 2nd"]
[Site "Ambes"]
[Date "2009.04.18"]
[Round "8"]
[White "Perez, Patrick"]
[Black "Locatelli, Claude"]
[Result "1-0"]
[WhiteElo "1840"]
[BlackElo "1588"]
[PlyCount "123"]
[EventDate "2009.04.11"]
[EventType "swiss"]
[EventRounds "9"]
[EventCountry "FRA"]
[SourceTitle "EXT 2012"]
[Source "ChessBase"]
[SourceDate "2011.11.24"]
[SourceVersion "1"]
[SourceVersionDate "2011.11.24"]
[SourceQuality "1"]

1. c4 e5 2. g3 Nf6 3. Bg2 Bb4 4. a3 Be7 5. Nc3 0-0 6. Nf3 d6 7. 0-0 Nc6 8. d3 Re8 9. Bg5 Nd7 10. Bc1 Nf6 11. Bg5 Nd7 12. Bc1 Nf6 13. Rb1 a6 14. b4 Rb8 15. Bg5 Nd7 16. Bxe7 Nxe7 17. Nd2 Nf6 18. b5 axb5 19. Rxb5 c6 20. Rb3 Be6 21. Qb1 Qd7 22. Rc1 Rec8 23. Qb2 d5 24. Na4 b5 25. Nc5 Qa7 26. Nxe6 fxe6 27. Qxe5 Qxf2+ 28. Kxf2 Ng4+ 29. Kg1 Nxe5 30. cxb5 Rxb5 31. Rxb5 cxb5 32. Rxc8+ Nxc8 33. Bh3 Kf7 34. Nb3 g5 35. Nd4 g4 36. Bg2 Nd6 37. Kf2 Nd7 38. Nc6 Kf6 39. Ke1 Nb6 40. Kd2 Na4 41. Kc2 Nc5 42. Kc3 Na6 43. Kb3 h5 44. Kc3 Kf7 45. Nb4 Nc7 46. Nc6 Na6 47. Na7 Ke7 48. e4 dxe4 49. Bxe4 Kf6 50. Bc6 Nc7 51. Kb4 Ke5 52. Nxb5 Ndxb5 53. Bxb5 Kd4 54. a4 Nd5+ 55. Ka5 e5 56. Bc6 Nc3 57. Be8 Kxd3 58. Bxh5 e4 59. Bxg4 e3 60. h4 Kc4 61. h5 Kc5 62. h6 1-0

[Event "Ambes op 2nd"]
[Site "Ambes"]
[Date "2009.04.12"]
[Round "2"]
[White "Guenin, Pierre"]
[Black "Locatelli, Claude"]
[Result "0-1"]
[WhiteElo "1773"]
[BlackElo "1588"]
[PlyCount "46"]
[EventDate "2009.04.11"]
[EventType "swiss"]
[EventRounds "9"]
[EventCountry "FRA"]
[SourceTitle "EXT 2012"]
[Source "ChessBase"]
[SourceDate "2011.11.24"]
[SourceVersion "1"]
[SourceVersionDate "2011.11.24"]
[SourceQuality "1"]

1. e4 e6 2. d4 d5 3. exd5 exd5 4. Nf3 Bd6 5. Be2 Nf6 6. Bg5 Nbd7 7. Nc3 c6 8. Qd2 0-0 9. 0-0 Qc7 10. Bh4 Ne4 11. Qd3 f5 12. b4 Bxb4 13. Nd1 Ndf6 14. Ne5 Bd6 15. f4 c5 16. c3 Bd7 17. Rc1 cxd4 18. c4 Rac8 19. Nf2 Bxe5 20. cxd5 Qd6 21. fxe5 Qxe5 22. Bf3 Rxc1 23. Rxc1 Qf4 0-1

[Event "Creon op 13th"]
[Site "Creon"]
[Date "2008.08.02"]
[Round "8"]
[White "Locatelli, Claude"]
[Black "Vervelle, Sebastien"]
[Result "0-1"]
[WhiteElo "1553"]
[BlackElo "1843"]
[PlyCount "42"]
[EventDate "2008.07.28"]
[EventType "swiss"]
[EventRounds "9"]
[EventCountry "FRA"]
[SourceTitle "CBM 125 Extra"]
[Source "ChessBase"]
[SourceDate "2008.09.01"]
[SourceVersion "1"]
[SourceVersionDate "2008.09.01"]
[SourceQuality "1"]

1. d4 Nf6 2. c4 c5 3. d5 d6 4. Nc3 e6 5. e4 exd5 6. cxd5 g6 7. Bd3 Bg7 8. Nge2 0-0 9. h3 a6 10. a4 Nbd7 11. f4 Re8 12. 0-0 Rb8 13. Ng3 Qc7 14. Be3 c4 15. Be2 Nc5 16. Bxc4 Ncxe4 17. Ngxe4 Nxe4 18. Rc1 Nxc3 19. Rxc3 Bxc3 20. bxc3 Rxe3 21. Qd4 Qc5 0-1

[Event "Mont de Marsan-ch"]
[Site "Mont de Marsan"]
[Date "2008.??.??"]
[Round "?"]
[White "Locatelli, Claude"]
[Black "Dubos, Patricia"]
[Result "1-0"]
[WhiteElo "1546"]
[BlackElo "1440"]
[PlyCount "61"]
[EventDate "2008.??.??"]
[EventType "tourn"]
[EventRounds "9"]
[EventCountry "FRA"]
[SourceTitle "EXT 2010"]
[Source "ChessBase"]
[SourceDate "2010.11.25"]
[SourceVersion "1"]
[SourceVersionDate "2010.11.25"]
[SourceQuality "1"]

1. e4 e5 2. Nf3 Nc6 3. Bb5 Bc5 4. c3 Nge7 5. 0-0 0-0 6. d4 exd4 7. cxd4 Bb4 8. Be3 d5 9. Bd3 Bg4 10. a3 Ba5 11. b4 Bb6 12. Nbd2 Qd6 13. e5 Qe6 14. Qc2 Nf5 15. Ng5 Qd7 16. h3 Ncxd4 17. Bxd4 Bxd4 18. hxg4 Bxa1 19. Bxf5 Qe7 20. Rxa1 Qxg5 21. Nf3 Qh6 22. Re1 g6 23. Bd7 Rad8 24. Qxc7 Qf4 25. Qxb7 f6 26. Qxd5+ Kg7 27. e6 Qxg4 28. Qc5 Rxd7 29. exd7 Qxd7 30. Re7+ Qxe7 31. Qxe7+ 1-0

[Event "Pau op"]
[Site "Pau"]
[Date "2007.11.??"]
[Round "4"]
[White "Locatelli, Claude"]
[Black "Baumgartner, Georges"]
[Result "0-1"]
[WhiteElo "1571"]
[BlackElo "1750"]
[PlyCount "40"]
[EventDate "2007.11.??"]
[EventType "swiss"]
[EventRounds "5"]
[EventCountry "FRA"]
[SourceTitle "CBM 121 Extra"]
[Source "ChessBase"]
[SourceDate "2008.01.10"]
[SourceVersion "1"]
[SourceVersionDate "2008.01.10"]
[SourceQuality "1"]

1. d4 Nf6 2. c4 g6 3. Nc3 Bg7 4. g3 0-0 5. Bg2 d6 6. Nf3 c6 7. 0-0 Na6 8. b3 Nc7 9. Bb2 d5 10. Re1 Bf5 11. Nd2 Qd7 12. e4 Bh3 13. Bh1 dxc4 14. Nxc4 Nh5 15. d5 b5 16. Nd2 Rad8 17. Qc2 f5 18. Rad1 f4 19. dxc6 Qg4 20. f3 Bd4+ 0-1

[Event "Mont de Marsan op 6th"]
[Site "Mont de Marsan"]
[Date "2006.12.30"]
[Round "9"]
[White "Locatelli, Claude"]
[Black "Monbet Dufau, Philippe"]
[Result "1-0"]
[WhiteElo "1584"]
[BlackElo "1640"]
[PlyCount "53"]
[EventDate "2006.12.26"]
[EventType "swiss"]
[EventRounds "9"]
[EventCountry "FRA"]
[SourceTitle "CBM 116 Extra"]
[Source "ChessBase"]
[SourceDate "2007.03.07"]
[SourceVersion "1"]
[SourceVersionDate "2007.03.07"]
[SourceQuality "1"]

1. d4 Nf6 2. c4 e6 3. Nc3 Bb4 4. Bg5 c5 5. d5 0-0 6. e3 d6 7. Bd3 h6 8. Bh4 g5 9. Bg3 exd5 10. cxd5 Bg4 11. Qc2 Qe7 12. Nge2 Nxd5 13. 0-0 Nc6 14. Nxd5 Be6 15. Nxe7+ Nxe7 16. Bxd6 Rfe8 17. a3 Ba5 18. Be5 c4 19. Bh7+ Kf8 20. Nd4 Bd7 21. Rad1 Nc6 22. Bd6+ Kg7 23. Nxc6 Bxc6 24. Bc5 Bc7 25. Bd4+ Kf8 26. Qc3 Re6 27. Bc5+ 1-0

[Event "Mont de Marsan op 6th"]
[Site "Mont de Marsan"]
[Date "2006.12.28"]
[Round "6"]
[White "Locatelli, Claude"]
[Black "Akif, Sebastien"]
[Result "0-1"]
[WhiteElo "1584"]
[BlackElo "1330"]
[PlyCount "85"]
[EventDate "2006.12.26"]
[EventType "swiss"]
[EventRounds "9"]
[EventCountry "FRA"]
[SourceTitle "CBM 116 Extra"]
[Source "ChessBase"]
[SourceDate "2007.03.07"]
[SourceVersion "1"]
[SourceVersionDate "2007.03.07"]
[SourceQuality "1"]

1. d4 d5 2. c4 e6 3. Nc3 Nf6 4. Bg5 Nbd7 5. Nf3 h6 6. Bh4 b6 7. cxd5 exd5 8. e3 Bb7 9. Bd3 Be7 10. 0-0 g5 11. Bg3 Nh5 12. Ne2 Ndf6 13. Be5 Bd6 14. Bf5 Ng7 15. Bd3 Qe7 16. Ng3 0-0-0 17. Rc1 g4 18. Bxf6 Qxf6 19. Ne5 Bxe5 20. dxe5 Qxe5 21. Qxg4+ Kb8 22. Qe2 d4 23. e4 h5 24. f4 Qe7 25. Rc2 h4 26. Nh1 h3 27. g3 Rdg8 28. Rfc1 c5 29. b4 Ne6 30. Qf3 Qd6 31. Rf2 Rh4 32. Kf1 Rhg4 33. Ke2 f5 34. Kd2 fxe4 35. Bxe4 Bxe4 36. Qxe4 Rc8 37. Qd3 Rg7 38. Re2 Nxf4 39. gxf4 Qxf4+ 40. Kd1 Rg1+ 41. Re1 Rxe1+ 42. Kxe1 Qxc1+ 43. Qd1 0-1

[Event "Mont de Marsan op 6th"]
[Site "Mont de Marsan"]
[Date "2006.12.26"]
[Round "2"]
[White "Locatelli, Claude"]
[Black "Albareil, Raymond"]
[Result "1/2-1/2"]
[WhiteElo "1584"]
[BlackElo "1240"]
[PlyCount "104"]
[EventDate "2006.12.26"]
[EventType "swiss"]
[EventRounds "9"]
[EventCountry "FRA"]
[SourceTitle "CBM 116 Extra"]
[Source "ChessBase"]
[SourceDate "2007.03.07"]
[SourceVersion "1"]
[SourceVersionDate "2007.03.07"]
[SourceQuality "1"]

1. d4 Nf6 2. c4 g6 3. Nc3 d5 4. cxd5 Nxd5 5. e4 Nb6 6. Bd3 c6 7. Nge2 Bg7 8. Be3 Be6 9. 0-0 Nc4 10. Qc2 Nxe3 11. fxe3 0-0 12. d5 cxd5 13. exd5 Bxd5 14. e4 Bc6 15. Kh1 Nd7 16. Rad1 Qc7 17. Bc4 Rad8 18. Nf4 Qe5 19. Nfd5 Nf6 20. Nxf6+ Bxf6 21. Nd5 Bxd5 22. exd5 b6 23. Rf2 Rc8 24. a4 Rfd8 25. Qd3 Qc7 26. Rc2 Bxb2 27. d6 Rxd6 28. Bxf7+ Kxf7 29. Rf1+ Bf6 30. Qb3+ Kf8 31. Rxc7 Rxc7 32. g4 Rdc6 33. g5 Rc1 34. Qf3 R7c3 35. Qg2 R3c2 36. Qg1 Rxf1 37. Qxf1 Rc6 38. gxf6 exf6 39. Qd1 Ke7 40. Kg2 h5 41. Qd3 f5 42. Kf3 a5 43. Kf4 Rd6 44. Qe3+ Re6 45. Qa3+ Kf7 46. Qb3 Kf6 47. Qc3+ Kf7 48. Qc4 Kf6 49. Qd4+ Kf7 50. Kg5 Ke7 51. Qg7+ Kd6 52. Qd4+ Ke7 1/2-1/2

[Event "Mont de Marsan op"]
[Site "Mont de Marsan"]
[Date "2005.12.28"]
[Round "6"]
[White "Locatelli, Claude"]
[Black "Crabos, Vincent"]
[Result "1-0"]
[WhiteElo "1580"]
[BlackElo "1490"]
[PlyCount "51"]
[EventDate "2005.12.26"]
[EventType "swiss"]
[EventRounds "7"]
[EventCountry "FRA"]
[SourceTitle "CBM 110 Extra"]
[Source "ChessBase"]
[SourceDate "2006.03.10"]
[SourceVersion "2"]
[SourceVersionDate "2006.03.10"]
[SourceQuality "1"]

1. d4 Nf6 2. c4 d5 3. cxd5 Nxd5 4. Nf3 e6 5. e3 Bd7 6. Be2 c5 7. 0-0 Nc6 8. e4 Nf6 9. d5 Ne7 10. Nc3 h6 11. Re1 a6 12. a4 exd5 13. exd5 Qb6 14. Bc4 0-0-0 15. Ne5 Be8 16. Qf3 Qd6 17. Bf4 Nexd5 18. Rad1 g5 19. Bg3 Rh7 20. Bxd5 Nxd5 21. Qf5+ Qe6 22. Qxh7 f6 23. Nc4 Qf7 24. Qxf7 Bxf7 25. Nxd5 f5 26. Ndb6# 1-0